[Event "Titled Tue 28th Feb Late"]
[Site "chess.com INT"]
[Date "2023.02.28"]
[Round "3"]
[White "Nakamura, Hi"]
[Black "Vasquez Schroeder, R."]
[Result "1-0"]
[WhiteElo "2768"]
[BlackElo "2513"]
[PlyCount "93"]
[EventDate "2023.02.28"]

1. Nf3 d5 2. g3 g6 3. Bg2 Bg7 4. d3 e5 5. O-O Ne7 6. c4 Nbc6 ({RR} 6... O-O 7. Nc3 d4 8. Ne4 f5 9. Nc5 b6 10. Nb3 Nbc6 11. Bg5 Bb7 12. Rc1 h6 13. Bxe7 Qxe7 14. c5 b5 15. Nbd2 Qf7 16. a4 a6 17. Ra1 Kh7 18. Ne1 h5 19. Nc2 Rab8 20. axb5 axb5 21. Nf3 {Caruana,F (2791)-Bacrot,E (2720) Dubai 2014 1-0 (40)}) 7. Nc3 ({RR} 7. cxd5 Nxd5 8. Nc3 Nb6 9. Bg5 f6 10. Be3 O-O 11. a4 a5 12. d4 Be6 13. dxe5 fxe5 14. Ng5 Qxd1 15. Rfxd1 Bb3 16. Bxb6 Bxd1 17. Bd5+ Kh8 18. Bc5 Bc2 19. Bxf8 Bxf8 20. Rc1 Bf5 21. Nb5 Be7 {Coro,L (2424)-Herrera,M (2144) Mar del Plata ARG 2025 1-0 (65)}) 7... d4 $146 ({RR} 7... dxc4 8. dxc4 Be6 9. Qa4 O-O 10. Rd1 Qc8 11. Ng5 Bd7 12. Qb3 b6 13. Nd5 Rb8 14. Nxe7+ Nxe7 15. f4 h6 16. Ne4 Bc6 17. Nf2 Bxg2 18. Kxg2 Qb7+ 19. Kg1 Rbd8 20. Bd2 Nf5 21. e3 Qf3 22. Bc1 {Shevelev,V (1797)-Sokolov,Y (1986) Lipetsk 2009 0-1 (56)}) 8. Na4 O-O 9. Rb1 a5 10. a3 h6 11. b4 axb4 12. axb4 f5 13. b5 Nb8 14. Ba3 Nd7 15. Bb4 Re8 16. Nd2 Kh7 17. Nc5 Nxc5 18. Bxc5 Ng8 19. Ra1 Rxa1 20. Qxa1 Nf6 21. Qa7 Nd7 22. Ba3 b6 23. Bc6 Bf8 24. c5 Bxc5 25. Bxc5 bxc5 26. Nb3 Re7 27. Nxc5 Nb6 28. Rc1 Qd6 29. Qa2 Be6 30. Nxe6 Qxe6 31. Qa3 Rf7 32. Bg2 Qe7 33. Qa2 Rf8 34. Qa7 Rf7 35. h4 h5 36. Qb7 Rg7 37. Qc6 Na4 38. Rc4 Nc3 39. e3 Qa3 40. exd4 Qc1+ 41. Kh2 exd4 42. Rxd4 Qd2 43. Rd7 Ne2 44. Rxg7+ Kxg7 45. Qxc7+ Kh6 46. Qe5 Qe1 47. Qh8# 1-0

[Event "Titled Tue 28th Feb Late"]
[Site "chess.com INT"]
[Date "2023.02.28"]
[Round "5"]
[White "Pranav, V."]
[Black "Nasuta, G."]
[Result "1-0"]
[WhiteElo "2545"]
[BlackElo "2535"]
[PlyCount "115"]
[EventDate "2023.02.28"]

1. Nf3 d5 2. g3 Nf6 3. Bg2 c6 4. O-O Bg4 5. d3 Nbd7 6. Nbd2 e6 7. e4 Be7 8. h3 Bh5 9. Qe2 ({RR} 9. Qe1 dxe4 10. dxe4 e5 11. Nh4 Bg6 12. Nxg6 hxg6 13. Qe2 Qc7 14. Nf3 O-O 15. h4 Rad8 16. Ng5 Qb6 17. Bf3 Nc5 18. Kg2 Na4 19. Rh1 Qb5 20. c4 Qb6 21. h5 gxh5 22. Bxh5 Qd4 23. Be3 Qd3 {Andreikin,D (2729)-Martinez Alcantara,J (2599) Chess.com INT 2022 ½-½ (61)}) 9... O-O ({RR} 9... e5 10. g4 Bg6 11. exd5 Nxd5 12. Nc4 f6 13. d4 O-O 14. dxe5 Qc7 15. Nh4 fxe5 16. Nxg6 hxg6 17. Qd3 Nf4 18. Bxf4 exf4 19. Qxg6 f3 20. Qe6+ Rf7 21. Bxf3 Bc5 22. Be4 Qg3+ 23. Bg2 Bxf2+ 24. Kh1 {Gubajdullin,A (2238)-Sanchez,G chess.com INT 2024 1-0 (31)}) 10. Re1 $146 ({RR} 10. g4 Bg6 11. Nh4 e5 12. Nf5 Bc5 13. Nb3 Bb6 14. Bg5 dxe4 15. dxe4 Qc7 16. Rad1 h6 17. Bh4 Rfe8 18. Rd3 Nh7 19. Rfd1 Nc5 20. Rd6 Nf8 21. Qc4 Nce6 22. R6d2 f6 23. a4 Red8 24. Nd6 Kh7 {Niermann,M-Shipov,S (2490) Passau 1993 0-1 (60)}) 10... h6 11. Nf1 Rc8 12. g4 Bg6 13. Ng3 b5 14. g5 hxg5 15. Bxg5 Nh5 16. h4 Nxg3 17. fxg3 Bh5 18. Bxe7 Qxe7 19. Qf2 Qc5 20. Qxc5 Nxc5 21. Nd4 a6 22. Kf2 Rfd8 23. Ke3 Bg4 24. Nb3 Na4 25. Rab1 c5 26. Nd2 Rc7 27. Kf4 Bh5 28. g4 Bg6 29. h5 Bh7 30. exd5 exd5 31. Re5 Nb6 32. Rbe1 Kf8 33. g5 Bg8 34. R5e2 f6 35. g6 Nc8 36. Nf3 Re7 37. Bh3 Rxe2 38. Rxe2 Nd6 39. Nh4 Re8 40. Rxe8+ Kxe8 41. Ng2 d4 42. b3 b4 43. Nh4 a5 44. Bg2 Kf8 45. Bc6 Be6 46. Nf3 Ke7 47. Nd2 Nf5 48. Ne4 Ne3 49. Nxc5 Bg8 50. Nb7 Nxc2 51. Nxa5 Kd6 52. Be4 Na3 53. Nb7+ Ke7 54. Na5 Kd6 55. Nc6 Nc2 56. Bh1 Be6 57. Nd8 Bc8 58. h6 1-0

[Event "Titled Tue 28th Feb Late"]
[Site "chess.com INT"]
[Date "2023.02.28"]
[Round "6"]
[White "Grischuk, A."]
[Black "Moroni, L."]
[Result "1-0"]
[WhiteElo "2745"]
[BlackElo "2576"]
[PlyCount "105"]
[EventDate "2023.02.28"]

1. Nf3 g6 2. e4 Bg7 3. d4 d6 4. Bd3 Nf6 5. O-O O-O 6. Re1 Nc6 7. d5 Nb8 ({RR} 7... Nb4 8. Bf1 a5 9. h3 Nd7 10. c4 Nc5 11. Nc3 Bd7 12. Bg5 h6 13. Be3 b6 14. Qd2 Kh7 15. Rad1 a4 16. Bd4 Bf6 17. e5 dxe5 18. Nxe5 Bf5 19. g4 Bd7 20. Bxc5 bxc5 21. a3 Na6 22. Nb5 {Grischuk,A (2689)-Onischuk,V (2609) chess.com INT 2024 ½-½ (43)}) 8. h3 e5 ({RR} 8... Nbd7 9. c4 Nc5 10. Bc2 a5 11. Nc3 e5 12. Bg5 Qe8 13. Nb5 Qe7 14. b3 Kh8 15. a3 Na6 16. b4 Bd7 17. Qd2 Qe8 18. Bd3 Nh5 19. Rab1 f5 20. exf5 gxf5 21. Be2 Nf6 22. Nc3 Qf7 23. c5 {Grischuk,A (2750)-Carlsen,M (2832) Chess.com INT 2017 1-0 (46)}) 9. c4 ({RR} 9. dxe6 Bxe6 10. Nc3 Nc6 11. Bg5 h6 12. Bf4 Nh5 13. Bh2 a6 14. a4 Qd7 15. Bf1 Rad8 16. Nd5 Rfe8 17. Qd2 Bxd5 18. exd5 Ne5 19. Nd4 Qc8 20. f4 Nd7 21. Be2 Nhf6 22. Bf3 Nb6 23. Ne2 Ne4 {Cook,P-Baer,B (1976) Daventry ENG 2025 0-1 (37)}) 9... Nh5 $146 ({RR} 9... a5 10. Nc3 Na6 11. Rb1 Nc5 12. Bc2 c6 13. Be3 cxd5 14. cxd5 Nh5 15. a3 Nf4 16. Kh2 Bd7 17. b4 axb4 18. axb4 Na6 19. Na4 Nc7 20. Nb6 Ra6 21. Ra1 Bb5 22. Ra5 Rxa5 23. bxa5 Na8 24. Ba4 {Alekseev,E (2636)-Levin,E (2505) St Petersburg 2016 ½-½ (42)}) 10. Nc3 Nd7 11. Rb1 h6 12. b4 f5 13. c5 f4 14. a4 g5 15. Be2 Nhf6 16. Ba3 g4 17. hxg4 Nxg4 18. Rb3 Ndf6 19. a5 a6 20. Bd3 h5 21. b5 axb5 22. cxd6 cxd6 23. Nxb5 Ne8 24. Bb4 Rf6 25. Qd2 Rg6 26. Kf1 b6 27. Ra1 Ba6 28. Rba3 Bc8 29. a6 h4 30. a7 h3 31. gxh3 Ngf6 32. Ke1 Bxh3 33. Qc2 Bg2 34. Be2 Rh6 35. Kd2 Rc8 36. Rc3 Ra8 37. Rc6 Ng4 38. Rg1 Bxf3 39. Bxf3 Nxf2 40. Kc1 Rh2 41. Rg2 Rxg2 42. Bxg2 Ng4 43. Bh3 Ne3 44. Be6+ Kf8 45. Qh2 Qg5 46. Nxd6 Nxd6 47. Bxd6+ Ke8 48. Rc8+ Rxc8+ 49. Bxc8 f3 50. a8=Q Nf1+ 51. Kb1 Nxh2 52. Be6+ Qd8 53. Qc6+ 1-0

[Event "Titled Tue 28th Feb Late"]
[Site "chess.com INT"]
[Date "2023.02.28"]
[Round "7"]
[White "Mendonca, Leon Luke"]
[Black "Sjugirov, S."]
[Result "1-0"]
[WhiteElo "2541"]
[BlackElo "2712"]
[PlyCount "55"]
[EventDate "2023.02.28"]

1. Nf3 d5 2. g3 Bg4 3. Bg2 Nd7 4. c4 e6 5. cxd5 exd5 6. O-O Ngf6 7. d3 Bc5 8. Qb3 Bb6 9. Nc3 c6 10. Na4 O-O 11. Nxb6 axb6 12. Qc2 Re8 13. b3 $146 ({RR} 13. e3 Qe7 14. Bd2 Nf8 15. h3 Bf5 16. Nh4 Bd7 17. a3 Ng6 18. Nf3 h6 19. Nh2 h5 20. Rae1 Bf5 21. f3 Qd7 22. g4 Be6 23. e4 dxe4 24. dxe4 hxg4 25. hxg4 Bc4 26. Rf2 b5 27. g5 Nh5 {Berczes,C (2397)-Banusz,T (2524) Zalakaros 2010 1-0 (52)}) 13... Qe7 14. Re1 Qc5 15. Qd2 b5 16. a3 Qd6 17. Bb2 c5 18. h3 Bh5 19. Nh4 Bg6 20. Rad1 Rad8 21. e4 dxe4 22. Nxg6 hxg6 23. dxe4 Qc7 24. Qc3 b6 25. e5 Nh5 26. Qe3 Ndf6 27. Rxd8 Qxd8 28. g4 1-0

[Event "Titled Tue 28th Feb Late"]
[Site "chess.com INT"]
[Date "2023.02.28"]
[Round "8"]
[White "Yu Yangyi"]
[Black "Keymer, Vincent"]
[Result "1-0"]
[WhiteElo "2729"]
[BlackElo "2690"]
[PlyCount "45"]
[EventDate "2023.02.28"]

1. Nf3 d5 2. g3 Bg4 3. Bg2 c6 4. O-O Nd7 5. h3 Bh5 6. d4 Ngf6 7. c4 e6 8. cxd5 exd5 9. Ne5 Ne4 ({RR} 9... Nxe5 10. dxe5 Ne4 11. Nd2 Nxd2 12. Bxd2 f6 13. Qb3 Qb6 14. exf6 Qxb3 15. axb3 gxf6 16. b4 Bd6 17. b5 Kd7 18. bxc6+ bxc6 19. e4 d4 20. Rfc1 c5 21. f4 d3 22. Bc3 c4 23. Ra5 Be2 24. Rd5 {Preotu,R (2470)-Chasin,N (2426) Charlotte USA 2025 1-0 (55)}) 10. Nd2 $146 ({RR} 10. Bxe4 dxe4 11. Nc3 Be7 12. Bf4 Nxe5 13. dxe5 Bg6 14. Qb3 Qc8 15. Rac1 O-O 16. Kh2 Bf5 17. g4 Be6 18. Qc2 h5 19. Qxe4 hxg4 20. hxg4 Bxg4 21. Rg1 Qf5 22. Qxf5 Bxf5 23. e4 Bg6 24. Rg3 Rfe8 {Grandelius,N (2673)-Keymer,V (2527) Wijk aan Zee 2020 0-1 (48)}) ({RR} 10. Bxe4 dxe4 11. Nc3 f6 12. Nc4 f5 13. d5 Bf7 14. Bf4 Nb6 15. dxc6 bxc6 16. Ne5 Qxd1 17. Rfxd1 Rc8 18. g4 g6 19. a4 a5 20. Be3 Nc4 21. Nxf7 Kxf7 22. Bd4 Rg8 23. b3 Nd6 24. Bb6 Ra8 {Svane,R (2620)-Maghsoodloo,P (2726) chess.com INT 2023 0-1 (53)}) ({RR} 10. Bxe4 dxe4 11. Nc3 f6 12. Nxd7 Qxd7 13. Kh2 Bg6 14. Bf4 Rd8 15. e3 Be7 16. Qb3 Bf7 17. Qc2 g5 18. Qxe4 gxf4 19. gxf4 Bg6 20. Qf3 O-O 21. Rad1 Bb4 22. Ne2 Qd5 23. Qg3 Kh8 24. f3 Rg8 {Chos,A (2296)-Keymer,V (2700) chess.com INT 2023 0-1 (43)}) 10... f5 11. Bf3 Bg6 12. Nxg6 hxg6 13. Bg2 Bd6 14. Nxe4 fxe4 15. h4 Qb6 16. Bg5 Nf8 17. e3 Qc7 18. Bh3 Nh7 19. Qg4 Qf7 20. f3 Nxg5 21. hxg5 Qe7 22. fxe4 Qxe4 23. Qd7# 1-0

[Event "Titled Tue 28th Feb Late"]
[Site "chess.com INT"]
[Date "2023.02.28"]
[Round "8"]
[White "Martinez Alcantara, Jose Eduardo"]
[Black "Vasquez Schroeder, R."]
[Result "1-0"]
[WhiteElo "2607"]
[BlackElo "2513"]
[PlyCount "141"]
[EventDate "2023.02.28"]

1. Nf3 d5 2. g3 g6 3. c4 dxc4 4. Qa4+ Nc6 5. Qxc4 Bg7 6. Bg2 e5 7. d3 Nge7 8. O-O Be6 9. Qa4 h6 10. Nc3 O-O 11. Be3 ({RR} 11. Bd2 Nd4 ({RR} 11... f5 12. Rac1 ({RR} 12. Rfd1 Nd4 13. Ne1 Nd5 14. e3 Nb6 15. Qa3 Nc6 16. b4 a6 17. Rac1 Qd7 18. Na4 Nxa4 19. Qxa4 Qf7 20. Bxc6 bxc6 21. Qxc6 Bd7 22. Qc4 Ba4 23. Qxf7+ Rxf7 24. Nc2 Rf6 25. d4 Rc6 26. Na3) 12... Nd4 13. Qa3 c6 14. Nxd4 exd4 15. Na4 Bd5 16. Bb4 Bxg2 17. Kxg2 Re8 18. Bxe7) 12. Qd1 ({RR} 12. Rfe1 Bd7 13. Qd1 Bc6 14. Nxd4 ({RR} 14. Nh4 Bxg2 15. Nxg2 Kh7 16. Rc1 Qd7 17. Be3 b6 18. Qa4 Qxa4 19. Nxa4 c5 20. Bd2 Nec6 21. Kf1 Rad8 22. Red1 Rd7 23. Ne1 Rfd8 24. e3 Ne6 25. Ke2 Bf8 26. a3 Rc8) 14... exd4 15. Nb1 Bxg2 16. Kxg2 Qd5+ 17. Kg1 a5 18. Qc1 Nf5 19. Qxc7 Rfc8 20. Qf4 Rc2 21. Na3 g5 22. Qe4 Qxe4 23. dxe4 Rxd2 24. exf5 Rxb2 25. Nc4 Rc2 26. Na3 Rc3) ({RR} 12. Rfc1 a5 ({RR} 12... c6 13. Ne1 Nd5 14. Kf1 Nb6 15. Qd1 a5 16. e3 Nf5 17. Ne4 Nd7 18. b4 axb4 19. Bxb4 Re8 20. a4 Bd5) ({RR} 12... f5 13. Ne1 c5 14. Bxb7 Rb8 15. Bg2 Rxb2 16. Be3 Nxe2+ 17. Nxe2 Rxe2 18. Bxc5 e4 19. d4 f4 20. Rc2 Rxc2 21. Qxc2 e3 22. fxe3 fxe3 23. Qe4 Qd7 24. Nf3 Re8 25. Qxe3 Nf5 26. Qf2 Bd5) 13. Qd1 Re8 14. Ne1 c6 15. e3 Ndf5 16. a3 Nd6 17. Na4 f5 18. b4 axb4 19. axb4 Bd5) 12... c6 13. Ne1 Kh7 14. e3 Ndf5 15. Ne4 b6 16. a4 Qd7 17. a5 Nd6 18. Bb4 Nxe4 19. Bxe4 c5 20. Bd2 Rad8 21. axb6 axb6 22. Ra3 Bh3 23. Bg2 Bxg2 24. Kxg2 e4 25. Bc3 Bxc3 {Etienne,A (2122)-Song,R (2503) Budapest HUN 2024 0-1 (47)}) ({RR} 11. Rd1 Nd4 12. Rb1 c6 13. b4 a5 14. Rd2 b5 15. Qa3 c5 16. Nxd4 exd4 17. Nxb5 cxb4 18. Qb2 Rb8 19. a4 Bd5) 11... Nd5 ({RR} 11... Nd4 12. Rac1 c6 ({RR} 12... c5 13. Nd2 Nd5 14. Bxd4 exd4 15. Nxd5 Bxd5 16. Rxc5 Bxg2 17. Kxg2 Qe7 18. Ne4 f5 19. Qc4+ Rf7 20. Nd2) 13. Rfe1 a5 14. Nd2 f5 15. Qa3 Re8 16. Na4 Bf7 17. Nc5 Qc7) 12. Nxd5 Bxd5 13. Rac1 Nd4 $146 ({RR} 13... Re8 14. Rc5 Bf8 15. Rc3 Nb4 16. a3 Bc6 17. Qb3 Nd5 18. Rxc6 bxc6 19. Bc1 c5 20. Nd2 c6 21. Nc4 a5 22. Bd2 a4 23. Qc2 Qb8 24. h4 h5 25. Rc1 Qb5 26. Bf3 Nb6 27. Ne3 Rab8 28. Rd1 {Petrosian,T (2549)-Prraneeth,V (2458) Tsaghkadzor 2022 1-0 (76)}) 14. Nxd4 Bxg2 15. Ne6 fxe6 16. Kxg2 c6 17. f3 Qd7 18. Qb3 Qf7 19. a4 Rfd8 20. Rc4 Rd5 21. Rh4 h5 22. Rc4 a6 23. Qc2 Rad8 24. h3 R8d7 25. g4 Kh7 26. Qc1 Rd8 27. Kh1 Rf8 28. Rg1 Rg8 29. Qe1 Bf6 30. Qg3 Bd8 31. Re4 Bf6 32. Rc4 Be7 33. Rg2 h4 34. Qe1 g5 35. Qc1 Bf6 36. Rg1 Qg6 37. Qc2 Rgd8 38. Kg2 R8d7 39. Rc1 Kg7 40. Ra1 Be7 41. Re4 Bf6 42. Ra3 Qe8 43. Rc3 Qe7 44. Bc5 Qf7 45. Be3 Qe7 46. Qc1 Kg6 47. b4 Qd8 48. Rb3 Be7 49. Qc2 Kg7 50. Bd2 Bf6 51. Bc3 Qc7 52. Bb2 b5 53. Rc3 R7d6 54. axb5 axb5 55. Ra3 Qb7 56. Bc1 Bd8 57. Be3 Rd7 58. Qc3 Qb8 59. Qxc6 R5d6 60. Qc5 Rd5 61. Qc6 R5d6 62. Qc1 Kg6 63. Rxe5 Ra6 64. Rxa6 Qxe5 65. Bf2 Bc7 66. Kf1 Qh2 67. Rxe6+ Kf7 68. Qc6 Qxh3+ 69. Ke1 Bf4 70. Qxd7+ Kg8 71. Re8# 1-0

[Event "Titled Tue 28th Feb Late"]
[Site "chess.com INT"]
[Date "2023.02.28"]
[Round "9"]
[White "Yu Yangyi"]
[Black "Durarbayli, V."]
[Result "1-0"]
[WhiteElo "2729"]
[BlackElo "2635"]
[PlyCount "113"]
[EventDate "2023.02.28"]

1. Nf3 d5 2. g3 g6 3. Bg2 Bg7 4. d4 c6 5. O-O Nf6 6. b3 a5 ({RR} 6... c5 7. Bb2 cxd4 8. Nxd4 e5 9. Nb5 a6 10. N5c3 d4 11. Na4 O-O 12. c3 Nh5 13. cxd4 exd4 14. Nd2 Nc6 15. Re1 Bg4 16. Nc4 b5 17. Bxc6 Rc8 18. Bb7 Rc7 19. Bxa6 bxa4 20. Ba3 Re8 21. Bb5 {Landa,K (2607)-Harikrishna,P (2733) Germany 2018 ½-½ (81)}) 7. a4 O-O 8. Bb2 Na6 ({RR} 8... Bf5 9. Nbd2 Na6 10. Nh4 Be6 11. f4 Qc8 12. e4 dxe4 13. Nxe4 Nxe4 14. Bxe4 Bh3 15. Re1 Rd8 16. c3 Bg4 17. Bf3 Bxf3 18. Nxf3 e6 19. Qe2 Qc7 20. Rad1 Qb6 21. Qc4 Rd5 22. Kg2 Rad8 23. Re2 {Ooi,J (2167)-Morris,J (2433) Melbourne AUS 2025 0-1 (42)}) 9. Re1 $146 ({RR} 9. Nc3 Bf5 10. Re1 Nb4 11. Rc1 Ne4 12. Nxe4 Bxe4 13. Qd2 Na6 14. Bh3 Bf5 15. Bf1 Re8 16. Nh4 Bf6 17. Nxf5 gxf5 18. f4 Nc5 19. e3 Ne4 20. Qg2 Qb6 21. Bd3 Kh8 22. Re2 Rg8 23. Rf1 Rg6 {Fu,J (2233)-Lin,T (2204) Toronto 2013 1-0 (64)}) 9... Bf5 10. Nh4 Bg4 11. h3 Be6 12. Nd2 c5 13. Nhf3 Qc8 14. Kh2 cxd4 15. Bxd4 Nb4 16. c3 Nc6 17. Rc1 Ra6 18. e3 Bf5 19. c4 dxc4 20. Rxc4 Be6 21. Rc2 Qb8 22. Bc3 Rd8 23. Nd4 Bd5 24. Qe2 Bxg2 25. Kxg2 Nd5 26. N2f3 Nxc3 27. Rxc3 Nxd4 28. exd4 e6 29. Rec1 Rad6 30. Rc7 R6d7 31. Rxd7 Rxd7 32. Qe4 Bf6 33. Rc5 b6 34. Rc6 Rd5 35. Qc2 Kg7 36. Rc8 Qb7 37. Rc7 Qa8 38. Qc6 Qxc6 39. Rxc6 b5 40. Rc5 bxa4 41. bxa4 Kf8 42. Rxd5 exd5 43. Kf1 Ke7 44. Ke2 Kd6 45. Kd3 h5 46. Nd2 Bd8 47. g4 hxg4 48. hxg4 f5 49. gxf5 gxf5 50. Nf1 Ke6 51. Ne3 Bg5 52. Nc2 Kd6 53. Na3 Kc6 54. Nb5 Bh6 55. Na7+ Kb6 56. Nc8+ Kc7 57. Ne7 1-0

[Event "Titled Tue 28th Feb Late"]
[Site "chess.com INT"]
[Date "2023.02.28"]
[Round "10"]
[White "Sjugirov, S."]
[Black "Bernadskiy, V."]
[Result "1-0"]
[WhiteElo "2712"]
[BlackElo "2612"]
[PlyCount "75"]
[EventDate "2023.02.28"]

1. Nf3 g6 2. e4 b6 3. d4 Bb7 4. Bd3 Bg7 5. O-O d6 6. Re1 Nd7 ({RR} 6... e6 7. a4 a6 {½-½ (7) Loaiza Cuervo,S (1985)-Torres Cueto,J (2180) Medellin COL 2025}) 7. Nc3 ({RR} 7. a4 e5 8. dxe5 dxe5 9. a5 Ne7 10. Nc3 O-O 11. Bc4 a6 12. axb6 cxb6 13. Be3 Qc7 14. Nd5 Nxd5 15. Bxd5 Nf6 16. Bxb7 Qxb7 17. Nd2 b5 18. f3 a5 19. c4 Rfb8 20. Qe2 Bf8 21. cxb5 Qxb5 {Carlsen,M (2859)-Caruana,F (2766) chess.com INT 2022 1-0 (49)}) 7... e5 $146 ({RR} 7... e6 8. e5 dxe5 9. Nxe5 Ne7 10. Bg5 Nxe5 11. dxe5 h6 12. Bh4 g5 13. Bg3 h5 14. h4 Ng6 15. Bxg6 fxg6 16. Qxd8+ Rxd8 17. hxg5 h4 18. Bh2 h3 19. gxh3 Rxh3 20. Rad1 Rxd1 21. Nxd1 Rh5 22. Re3 {Klein,D (2418)-Ipatov,A (2561) Plovdiv 2012 0-1 (58)}) 8. d5 Ne7 9. a4 a5 10. Ne2 h5 11. h4 Nc5 12. Ng3 Bc8 13. Bb5+ Kf8 14. c3 Bg4 15. b4 Nd7 16. Qd3 Bf6 17. Ng5 Nb8 18. Bd2 Kg7 19. bxa5 Rxa5 20. c4 Ra8 21. a5 bxa5 22. Bxa5 Nd7 23. Qe3 Bxg5 24. Qxg5 Rxa5 25. Rxa5 c6 26. Ra7 cxb5 27. cxb5 Nf6 28. Rc1 Nc8 29. Rb7 Qa5 30. Rcc7 Rf8 31. f3 Qe1+ 32. Kh2 Qf2 33. fxg4 Nxg4+ 34. Kh3 Qg1 35. Nxh5+ Kh8 36. Qxg4 Qh1+ 37. Kg3 Nb6 38. Rxf7 1-0

[Event "Titled Tue 28th Feb Late"]
[Site "chess.com INT"]
[Date "2023.02.28"]
[Round "11"]
[White "Yu Yangyi"]
[Black "Perez Ponsa, F."]
[Result "1-0"]
[WhiteElo "2729"]
[BlackElo "2532"]
[PlyCount "135"]
[EventDate "2023.02.28"]

1. Nf3 Nf6 2. g3 g6 3. Bg2 Bg7 4. c4 O-O 5. O-O d6 6. Nc3 Nc6 7. d3 e5 8. Rb1 a5 9. b3 h6 10. Bb2 Be6 11. Qd2 Qd7 12. e4 Bh3 ({RR} 12... Bg4 13. Nd5 Bxf3 14. Bxf3 Kh7 15. Bg2 Nd4 16. Nxf6+ Bxf6 17. Bxd4 exd4 18. f4 c6 19. Rbe1 Rfe8 20. h4 a4 21. b4 a3 22. Kh2 Kg7 23. Qf2 Ra4 24. e5 dxe5 25. fxe5 Bd8 26. Bh3 Qe7 27. e6 {Yu Yangyi (2729)-Maksimovic,B (2486) chess.com INT 2023 0-1 (63)}) 13. Nd5 Bxg2 14. Kxg2 Rfe8 $146 ({RR} 14... Ne7 15. Nxf6+ Bxf6 16. Qxh6 Bg7 17. Qh3 Qxh3+ 18. Kxh3 f5 19. Kg2 fxe4 20. dxe4 Bh6 21. c5 Nc6 22. cxd6 cxd6 23. Rbd1 Rf6 24. Bc3 a4 25. b4 a3 26. Rd5 Rc8 27. Rd3 Na7 28. Rfd1 Nb5 29. Bd2 {Kushko,D (2449)-Kubicka,A (2235) chess.com INT 2024 ½-½ (77)}) 15. Nxf6+ Bxf6 16. Qxh6 Nb4 17. Qd2 Nxa2 18. Ba3 Nb4 19. Bxb4 axb4 20. Qxb4 c6 21. Ra1 Kg7 22. Qb6 Rh8 23. h4 Rab8 24. Rh1 Qg4 25. Ra7 Bd8 26. Qe3 b5 27. c5 Qe6 28. d4 exd4 29. Nxd4 Qf6 30. Nxc6 Rc8 31. Nxd8 Rhxd8 32. cxd6 Qxd6 33. h5 Qd4 34. h6+ Kg8 35. h7+ Kh8 36. Qxd4+ Rxd4 37. Rxf7 Rxe4 38. Rf6 g5 39. Rf5 g4 40. Rxb5 Rf8 41. Rbh5 Re2 42. Rf1 Rb2 43. Rg5 Rxb3 44. Rxg4 Rb2 45. Rg5 Rd2 46. g4 Re2 47. Kg3 Rc2 48. f3 Rc3 49. Rf2 Rd3 50. Kg2 Rc3 51. Kg3 Rd3 52. Rg8+ Rxg8 53. hxg8=Q+ Kxg8 54. Ra2 Kg7 55. Ra6 Kf7 56. g5 Kg7 57. Kg4 Rd1 58. f4 Rb1 59. Ra7+ Kg8 60. f5 Rb6 61. Kh5 Rc6 62. f6 Rc8 63. Kg6 Rf8 64. Rg7+ Kh8 65. Rh7+ Kg8 66. f7+ Rxf7 67. Rxf7 Kh8 68. Rf8# 1-0

[Event "PRO League Prelim 2023"]
[Site "chess.com INT"]
[Date "2023.03.01"]
[Round "3.2"]
[White "Eljanov, P."]
[Black "Fier, A."]
[Result "1-0"]
[WhiteElo "2704"]
[BlackElo "2606"]
[PlyCount "65"]
[EventDate "2023.02.14"]
[WhiteTeam "Norway Gnomes"]
[BlackTeam "Brazil Capybaras"]

1. Nf3 d5 2. g3 Nf6 3. Bg2 e6 4. O-O c5 5. c4 d4 6. e3 Nc6 7. exd4 cxd4 8. d3 Bd6 9. Na3 O-O 10. Re1 h6 11. Bd2 ({RR} 11. Nc2 a5 12. a3 e5 13. Rb1 a4 14. Nb4 Re8 15. Bd2 Bf5 16. h3 Bxb4 17. Bxb4 e4 18. dxe4 Bxe4 19. Rc1 Qd7 20. Qd2 Bxf3 21. Bxf3 Qxh3 22. Bd6 Qf5 23. Qf4 Qxf4 24. Bxf4 Rad8 25. Bc7 Rd7 {Carlsen,M (2859)-Keymer,V (2698) chess.com INT 2022 1-0 (49)}) 11... e5 12. c5 ({RR} 12. b4 Nxb4 13. Nxe5 Nxd3 14. Nxd3 Bxa3 15. c5 Bf5 16. Qb3 Bxd3 17. Qxa3 Bf5 18. Bxb7 Rb8 19. Bg2 Qc8 20. Bf4 Rb5 21. Bd6 Re8 22. Qxa7 Rxe1+ 23. Rxe1 Rb1 24. Rxb1 Bxb1 25. c6 d3 26. Qb7 Qe6 {Delisau Gil,O (2207)-Ocampo,C (2018) Barcelona ESP 2025 1-0 (42)}) 12... Bc7 $146 ({RR} 12... Bxc5 13. Nxe5 Nxe5 14. Rxe5 Bd6 15. Re1 Be6 16. Nc4 Bc7 17. Bxb7 Rb8 18. Bg2 Bxc4 19. dxc4 Rxb2 20. Bc1 Rb8 21. Ba3 Bd6 22. Qa4 Bxa3 23. Qxa3 Qc7 24. c5 Rfd8 25. c6 Rd6 26. Red1 Ng4 27. Rac1 {Dhulipalla,B (2441)-Olsen,F (2435) Kolding DEN 2023 ½-½ (69)}) 13. b4 a6 14. Nc4 Re8 15. a4 e4 16. dxe4 Nxe4 17. b5 axb5 18. axb5 Rxa1 19. Qxa1 Nxd2 20. Rxe8+ Qxe8 21. Ncxd2 Ne5 22. b6 Nxf3+ 23. Nxf3 Bd8 24. Qxd4 Bf6 25. Qd6 Be7 26. Qc7 Bf8 27. Ne5 f6 28. Bd5+ Be6 29. Bxe6+ Qxe6 30. c6 fxe5 31. cxb7 e4 32. b8=Q e3 33. Qf4 1-0

[Event "PRO League Prelim 2023"]
[Site "chess.com INT"]
[Date "2023.03.01"]
[Round "3.3"]
[White "Howell, D."]
[Black "Supi, L."]
[Result "1-0"]
[WhiteElo "2670"]
[BlackElo "2608"]
[PlyCount "119"]
[EventDate "2023.02.14"]
[WhiteTeam "Norway Gnomes"]
[BlackTeam "Brazil Capybaras"]

1. Nf3 d5 2. g3 Nd7 3. d4 Nb6 4. Nbd2 Nf6 5. Bg2 c6 6. O-O Bf5 7. Nh4 Bg4 8. h3 Bh5 9. a4 $146 ({RR} 9. Ndf3 e6 10. Ne5 Ne4 11. Qe1 f6 12. Nd3 g5 13. Nf3 Bd6 14. Bd2 Bg6 15. Bb4 Bxb4 16. Qxb4 a5 17. Qe1 O-O 18. Nd2 Nxd2 19. Qxd2 Nc4 20. Qc1 Nd6 21. g4 Qe7 22. b3 e5 23. Qe3 Rae8 {Benes,P (2019)-Roos,L (2312) Prague CZE 2025 0-1 (41)}) 9... a5 10. g4 Bg6 11. e3 e6 12. Nxg6 hxg6 13. Qe2 Bd6 14. Rd1 Bc7 15. e4 Bf4 16. e5 Nh7 17. Ne4 dxe4 18. Bxf4 Nd5 19. Qxe4 Ng5 20. Bxg5 Qxg5 21. Ra3 Ra6 22. Rb3 Rb6 23. Rxb6 Nxb6 24. Qf3 Nd5 25. Qb3 Nf4 26. Qxb7 O-O 27. Qxc6 Rb8 28. b3 Rb4 29. Qf3 f5 30. Bf1 fxg4 31. Qxg4 Qh6 32. Kh2 Kh8 33. Bc4 Rb8 34. Rg1 Rf8 35. Rg3 Nh5 36. Rf3 Nf4 37. Rg3 Nh5 38. Rf3 Nf4 39. c3 g5 40. Rg3 Nh5 41. Rf3 Nf4 42. Kg1 Qg6 43. Kh1 Qb1+ 44. Kh2 Qg6 45. Rg3 Nh5 46. Rg2 Nf4 47. Qxg5 Qh7 48. Rg3 Nh5 49. Rg2 Nf4 50. Rg3 Nh5 51. Kg2 Nxg3 52. Qxg3 Qe4+ 53. Kg1 Rf3 54. Qg2 Qe1+ 55. Bf1 Qxc3 56. Qg4 Rf8 57. Bc4 Qe1+ 58. Kh2 Qxf2+ 59. Qg2 Qxd4 60. Qg3 1-0